00458nam a2200145Ia 4500100002400000942000700024366000900031245001600040260001900056082002000075300000800095546001200103999001700115952018000132 aHan Jiawei/ Kamber  cBK f17.5 aData Mining bElsevierc2006 a005.74/HANbHAN a770 aENGLISH c22144d22144 001040708CRCaCRCEbCRCEd2023-03-17eEducational books and periodicalsg371.25i258 dt 27/04/2009l1o005.74/HAN HANp19557r2024-08-21s2024-07-22v450.00w0000-00-00yBK